Podpora kvality služieb v sieťach na báze softvérovo definovaných sietí

Gespeichert in:
Bibliographische Detailangaben
1. Verfasser: Janeba, Matej (Verfasst von)
Weitere Verfasser: Trúchly, Peter (Betreuung Doktorarbeit)
Format: Manuskript Buch
Sprache:Slowakisch
Veröffentlicht: 2019
Schlagworte:
Online-Zugang:http://is.stuba.sk/zp/portal_zp.pl?podrobnosti=131636
Tags: Tag hinzufügen
Keine Tags, Fügen Sie das erste Tag hinzu!

MARC

LEADER 00000ntm a22000003a 4500
001 stuzp75068
003 SK-STU
005 20190622212912.4
007 ta
008 150427s2015----xo-----f-mn---000-0-slo-d
040 |a STU  |b slo 
041 0 |a slo 
100 1 |a Janeba, Matej  |u 070400  |4 aut  |U FIIT Fakulta informatiky a informačných technológií  |T FIIT Ústav počítačového inžinierstva a aplikovanej informatiky  |X 79962  |U I400  |Y 672  |7 79962 
242 0 1 |a Support of quality of service in networks using software defined networking  |y eng 
245 1 0 |a Podpora kvality služieb v sieťach na báze softvérovo definovaných sietí 
260 |c 2019 
650 4 |a Kvalita služieb  |2 slo 
650 4 |a Softvérovo definované siete  |2 slo 
650 4 |a Mininet  |2 slo 
650 4 |a Quality of Service  |2 eng 
650 4 |a Software defined networks  |2 eng 
650 4 |a Mininet  |2 eng 
700 1 |a Trúchly, Peter  |u 070400  |k Z1  |4 ths  |U FIIT Fakulta informatiky a informačných technológií  |T FIIT Ústav počítačového inžinierstva a aplikovanej informatiky  |X 1917  |U I400  |Y 672  |7 1917 
856 4 |u http://is.stuba.sk/zp/portal_zp.pl?podrobnosti=131636 
996 |b IZP20180296  |c I*BAP18/19  |l II680  |s P  |a 0  |w stuzp75068_0001